Managing your money everything you need to know about your personal finance
| Main Authors: | , |
|---|---|
| Format: | Book |
| Published: |
Singapore
McGraw-Hill
c2004
|
| Edition: | Rev. ed |
| Subjects: |
MARC
| LEADER | 00000cam a2200000 7i4500 | ||
|---|---|---|---|
| 001 | 0000000228 | ||
| 008 | 021118s2004 | ||
| 020 | |a 0071239405 | ||
| 090 | 0 | 0 | |a HG179 |b .F65 2004 |
| 100 | 0 | |a Fong, Wai Mun |e author | |
| 245 | 1 | 0 | |a Managing your money |b everything you need to know about your personal finance |c Fong Wai Mun, Benedict Koh |
| 250 | |a Rev. ed | ||
| 260 | 2 | |a Singapore |b McGraw-Hill |c c2004 | |
| 300 | |a xii, 313 p. |c 20 cm | ||
| 650 | 0 | |a Finance, Personal | |
| 700 | 1 | |a Koh, Benedict |e author | |
| 999 | |a 1000105184 |b Book |c OPEN SHELF (30 DAYS) |e Gong Badak Campus | ||